Hybrid Metaheuristics : Research and Applications /

Gespeichert in:
Bibliographische Detailangaben
1. Verfasser: Bhattacharyya, S. (Verfasst von)
Format: Buch
Sprache:Englisch
Veröffentlicht: Singapore : World Scientific, 2019
Tags: Tag hinzufügen
Keine Tags, Fügen Sie das erste Tag hinzu!

MARC

LEADER 00000nam a22000003a 4500
001 0087859
003 SK-STU
005 20210413130223.4
007 ta
008 210413s ----xo-----e------000-0-----d
020 |a 978-981-3270-22-0 
040 |a STU  |b slo 
041 0 |a eng 
044 |a si 
100 1 |a Bhattacharyya, S.  |4 aut 
245 1 0 |a Hybrid Metaheuristics :  |b Research and Applications /  |c aut. S Bhattacharyya 
260 |a Singapore :  |b World Scientific,  |c 2019 
300 |a 296 s. 
996 |b 284EK90253  |c E* 90253  |l EE35  |s P  |a 0  |w 0087859_0001